00526 2200169 4500001002100000005001500021035002000036007000300056008004100059020002200100082001000122084001600132100001800148245008300166260006500249300004200314INLIS00000000000033620240205093327 a0010-0224000010ta240205 g 0 ind  a978-979-8308-96-3 a636.2 a636.2 ISM u0 aIsmedh Inounu1 aUpaya Meningkatan Populasi Sapi Betina Produktif di Indonesia /cIsmedh Inounu aBogor :bPusat Penelitian dan Pengembangan Peternakan,c2008 avi, 41 hlm, :bilus, ;c16 cm x 21 cm